00486nam a22001577a 450000500170000001000140001702000260003103700240005710000210008124500770010226000360017927000560021530000210027194200170029299900190030920170922145444.0 a1718EN-30 a9789386367662c695.00 bAlpna Edition adpl aPatten, William  aThe junior classics : cby William Patten banimal and nature stories /  aNew Delhi bAlpna Editionc2017 a2/41, Ansari Road, Darya Ganj, bNew Delhi e110002 a447p.c23cm(pbk) 2ddccENmPAT c145326d145326